| 000 | 00497nam a2200181Ia 4500 | ||
|---|---|---|---|
| 001 | 29229 | ||
| 003 | IN-NITTTR | ||
| 005 | 20251114233359.0 | ||
| 008 | 251113s9999||||xx |||||||||||||| ||eng|| | ||
| 040 | _beng | ||
| 040 | _cIN-NITTTR | ||
| 041 | _aeng | ||
| 082 | _a621.3136 S41A | ||
| 100 | _aSimoes, M. Godoy | ||
| 245 | 0 |
_aAlternative energy systems : _b Design and analysis with induction generators / _cSimoes, M. Godoy, Farret, Felix A. |
|
| 700 | _a Farret, Felix A. | ||
| 942 |
_2ddc _cBK |
||
| 999 |
_c31857 _d31857 |
||